Banki dannych v neftjanoj promyšlennosti
Na minha lista:
| Autor principal: | |
|---|---|
| Outros Autores: | , |
| Formato: | Livro |
| Idioma: | russo |
| Publicado em: |
Novosibirsk
Nauka
1988
|
| Edição: | 1. izd. |
| Tags: |
Sem tags, seja o primeiro a adicionar uma tag!
|
MARC
| LEADER | 00000nam a2200000 4500 | ||
|---|---|---|---|
| 001 | c034993 | ||
| 005 | 20221219124815.9 | ||
| 041 | 0 | |a rus | |
| 044 | |a RU | ||
| 245 | 1 | 0 | |a Banki dannych v neftjanoj promyšlennosti |c Vitalij Nikolajevič Soldatov, Igor' Leonidovič Čudinov, Vladimir Zacharovič Jampol'skij |
| 250 | |a 1. izd. | ||
| 264 | 1 | |a Novosibirsk |b Nauka |c 1988 | |
| 300 | |a 126 s. | ||
| 100 | 1 | |a Soldatov, Vitalij Nikolajevič | |
| 700 | 1 | |a Čudinov, Igor' Leonidovič | |
| 700 | 1 | |a Jampol'skij, Vladimir Zacharovič | |